| 000 | 00456cam a2200181ua 4500 | ||
|---|---|---|---|
| 020 | _cRs 2.00 | ||
| 041 |
_ahin _h |
||
| 082 |
_a891.54 _bRAV/RA |
||
| 100 | _aRavindranath , Tagore . | ||
| 245 |
_aRavindr ki kahaniyam / _cRavindranath Tagore. _hTextual Documents |
||
| 250 |
_a1 / _b. |
||
| 260 |
_aCalcutta : _bMcMillan and company , _c1956. |
||
| 300 | _a146 ; . | ||
| 365 | _aRs 2.00 | ||
| 504 | _a | ||
| 942 | _cBK | ||
| 999 |
_c3606 _d3606 |
||